Phonétique - Pokémon 4ème Gén. - Statistiques

Statistiques générales
  • Ce quiz a été pris 36 fois
  • Le résultat moyen est 23 sur 30
Statistiques - réponses
Phonétique Réponse % Correct
/apitʁini/ Apitrini
100%
/bastjodɔ̃/ Bastiodon
100%
/blizi/ Blizzi
100%
/kastɔʁno/ Castorno
100%
/djalga/ Dialga
100%
/dʁaskɔʁ/ Drascore
100%
/ʒivʁali/ Givrali
100%
/koʁijɔ̃/ Korillon
100%
/mim ʒyɲɔʁ/ Mime Jr.
100%
/papilɔʁd/ Papilord
100%
/pɛ̃goleɔ̃/ Pingoléon
100%
/poʁigɔ̃.zɛd/ Porygon-Z
100%
/ʁapjɔ̃/ Rapion
100%
/ʁiolu/ Riolu
100%
/tɔʁtipus/ Tortipouss
100%
/mamoʃɔ̃/ Mammochon
90%
/aʁkeomiʁ/ Archéomire
89%
/bɔskaʁa/ Boskara
89%
/kʁikzik/ Crikzik
89%
/giʁatina/ Giratina
89%
/kʁanidos/ Kranidos
89%
/melokʁik/ Mélokrik
89%
/ʁozəʁad/ Roserade
89%
/apiʁɛn/ Apireine
88%
/blizaʁwa/ Blizzaroi
88%
/ʃaʁkos/ Charkos
88%
/kʁefadɛ/ Créfadet
88%
/galam/ Gallame
88%
/lukaʁjo/ Lucario
88%
/manafi/ Manaphy
88%
/musteflɔt/ Mustéflott
88%
/ptiʁavi/ Ptiravi
88%
/ʁɔzbutɔ̃/ Rozbouton
88%
/kaʁmaʃ/ Carmache
86%
/dimoʁɛ/ Dimoret
86%
/ipodokys/ Hippodocus
86%
/liksi/ Lixy
86%
/patʃiʁizu/ Pachirisu
86%
/palkja/ Palkia
86%
/piʒako/ Pijako
86%
/simjabʁaz/ Simiabraz
86%
/taʁinɔʁm/ Tarinorme
86%
/vɔʁtɑ̃t/ Vortente
86%
/jɑ̃mega/ Yanmega
86%
/kʁadopo/ Cradopaud
83%
/daʁkʁaj/ Darkrai
83%
/elekabl/ Elekable
83%
/maʒiʁɛv/ Magirêve
83%
/mɑ̃nzaj/ Manzaï
83%
/skɔʁvɔl/ Scorvol
83%
/tipluf/ Tiplouf
83%
/togekis/ Togekiss
83%
/ʃaglam/ Chaglam
82%
/kʁeselja/ Cresselia
82%
/ʁegigigas/ Regigigas
82%
/ʁinastɔk/ Rhinastoc
82%
/səʁiflɔʁ/ Ceriflor
80%
/koatɔks/ Coatox
80%
/etuʁmi/ Etourmi
80%
/gwɛ̃fʁɛks/ Goinfrex
80%
/noktynwaʁ/ Noctunoir
80%
/səʁibu/ Ceribou
78%
/kʁeɛlf/ Créhelf
78%
/etuʁvɔl/ Etourvol
78%
/ipopotas/ Hippopotas
78%
/maganɔ̃/ Maganon
78%
/gʁodʁajv/ Grodrive
77%
/aʁkeys/ Arceus
75%
/bɛjbimɑ̃ta/ Babimanta
75%
/buldənø/ Bouldeneu
75%
/kaʁʃakʁɔk/ Carchacrok
75%
/gʁiknɔt/ Griknot
75%
/motisma/ Motisma
75%
/muflɛʁ/ Moufflair
75%
/wistikʁam/ Ouisticram
75%
/pʁɛ̃pluf/ Prinplouf
75%
/ʃajmin/ Shaymin
75%
/itʁan/ Heatran
71%
/mufwɛt/ Moufouette
71%
/sɑ̃koki/ Sancoki
71%
/spiʁitɔ̃b/ Spiritomb
71%
/kønotɔʁ/ Keunotor
70%
/mustebwe/ Mustébouée
70%
/aʁkeodɔ̃ŋg/ Archéodong
69%
/dinoklije/ Dinoclier
67%
/lymineɔ̃/ Luminéon
67%
/lɔkpɛ̃/ Lockpin
64%
/lyksjo/ Luxio
64%
/kɔʁbɔs/ Corboss
63%
/maɲezon/ Magnézone
63%
/momaʁtik/ Momartik
63%
/ʃafʁø/ Chaffreux
60%
/lapoʁɛj/ Laporeille
60%
/lykʁɛj/ Luxray
60%
/tɔʁteʁa/ Torterra
60%
/kudlɑ̃g/ Coudlangue
58%
/ʃøniti/ Cheniti
57%
/fjɔn/ Phione
55%
/kʁefolɛ/ Créfollet
50%
/etuʁaptɔʁ/ Etouraptor
50%
/filali/ Phyllali
50%
/tʁitozɔʁ/ Tritosor
50%
/bodʁajv/ Baudrive
43%
/ʃønizɛl/ Cheniselle
43%
/ekajɔ̃/ Ecayon
43%
/kapidɛkstʁ/ Capidextre
33%
/ʃɛ̃pɑ̃fø/ Chimpenfeu
25%
Aucun quiz correspondant
Distribution des résultats
% des personnes avec chaque résultat
Percentile par nombre de réponses
Votre historique - résultats
Vous n’avez pas pris ce quiz